Super Mario Power Ups - Statistics

General Stats
  • This quiz has been taken 378 times
  • The average score is 7 of 11
Answer Stats
Hint Answer % Correct
Grants Fire Balls Fire Flower
98%
Grants Ice Balls Ice Flower
96%
Grants Invincibility Star
92%
Pops Out of egg and can be ridden Yoshi
81%
Grants Ice Balls and great swimming Penguin Suit
77%
Grants Large Size Red Mushroom
76%
Grants Mega Size Mega Mushroom
73%
Grants Miniturization Mini Mushroom
71%
Grants Helicopter Flight Helicopter Hat
36%
Grants Flight and Tail Whip Racoon Suit
26%
Grants Flight, Tail Whip and perminant Invincibility Golden Racoon Suit
2%
No matching quizzes found
Score Distribution
Percent of People with Each Score
Percentile by Number Answered
Your Score History
You have not taken this quiz